Statistics for All Black Ops 3 Weapons

Click here to take the quiz!

General Stats

  • This quiz has been taken 15 times
  • The average score is 37 of 71

Answer Stats

Type of WeaponAnswer% Correct
SMGKuda
92%
Shotgun205 Brecci
85%
LMG48 Dredge
85%
ShotgunArgus
85%
LMGDingo
85%
SniperDrakon
85%
LMGGorgon
85%
ShotgunHaymaker 12
85%
Assault RifleKN-44
85%
PistolMR-6
85%
SMGPharo
85%
PistolRK-5
85%
SniperSVG-100
85%
SMGVMP
85%
LauncherXM-53
85%
Assault RifleXR-2
85%
LMGBRM
77%
Assault RifleHVK-30
77%
ShotgunKRM-262
77%
SniperLocus
77%
Assault RifleM8A7
77%
Assault RifleMan'O'War
77%
SMGVesper
77%
LauncherBlackcell
69%
Assault RifleICR-1
69%
PistolL-Car 9
69%
DLCPPSh
69%
SMGRazorback
69%
Assault RifleSheiva
69%
SMGWeevil
69%
MeleeCombat Knife
62%
DLCFFAR
62%
DLCM16
62%
SniperP-06
62%
DLCButterfly Knife
54%
DLCWrench
54%
DLCHG 40
46%
DLCMarshal 16
46%
DLCPeacekeeper MK2
46%
MeleePrizefighters
46%
DLCBrass Knuckles
38%
DLCGalil
38%
DLCMalice
38%
DLCR70 Ajax
38%
DLCRift E9
38%
DLCRSA Inderdiction
38%
DLCBanshii
31%
DLCCarver
31%
DLCDBSR-50
31%
DLCDIY 11 Renovator
31%
DLCFury's Song
31%
DLCLV8 Basilisk
31%
DLCMX Garand
31%
DLCNX ShadowClaw
31%
DLCBallistic Knife
23%
DLCD13 Sector
23%
DLCHLX 4
23%
DLCIron Jim
23%
DLCL3FT.E
23%
DLCPath of Sorrows
23%
DLCSkull Splitter
23%
DLCAce of Spades
15%
DLCBushwhacker
15%
DLCEnforcer
15%
DLCL4 Siege
15%
DLCMVP
15%
DLCNightbreaker
15%
DLCNunchucks
15%
DLCRaven's Eye
15%
DLCSlash N' Burn
15%
DLCBuzz Cut
8%

Score Distribution

Percentile by Number Answered

Percent of People with Each Score

Your Score History

You have not taken this quiz